ARRUPE JESUIT UNIVERSITY

CORONAVIRUS -STOP THE SPREAD - CLEAN,DISINFECT,COVER
Normal view MARC view

Entry Topical Term

Number of records used in: 1

001 - CONTROL NUMBER

  • control field: 45810

003 - CONTROL NUMBER IDENTIFIER

  • control field: ARRUPE

005 - DATE AND TIME OF LATEST TRANSACTION

  • control field: 20190423123647.0

008 - FIXED-LENGTH DATA ELEMENTS

  • fixed length control field: 190423|| aca||aabn | a|a d

040 ## - CATALOGING SOURCE

  • Original cataloging agency: ARRUPE
  • Transcribing agency: ARRUPE

150 ## - HEADING--TOPICAL TERM

  • Topical term or geographic name as entry element: Jesus Christ
  • General subdivision: person and offices
  • General subdivision: congresses

670 ## - SOURCE DATA FOUND

  • Source citation: Work cat.: (ARRUPE): McFadden, Thomas M. (ed.) 45809, Does Jesus make a difference?, 1974.

 

Arrupe Library. PO Box MP320 Mt Pleasant, Harare, Zimbabwe
263 242 745411|librarian@aju.ac.zw